LEADER 01377nam a2200301 u 4500 001 000000080838 003 CaOOAMICUS 005 20070928113754.0 008 050301s2005 it u000 u ita u 020 $a8831193767 035 $a11031315 040 $aIRN$bita 041 1 $aita$heng 245 00$aGiacomo, 1-2 Pietro, 1-3 Giovanni, Giuda /$ca cura di Gerald Bray ; traduzione e cura dell'edizione italiana di Armando Genovese ; introduzione generale di Angelo di Berardino. 260 $aRoma :$bCittà Nuova,$c2005. 300 $a322 p. ;$c26 cm 490 1 $aLa Bibbia commentata dai Padri.$aNuovo Testamento 630 04$aBiblia.$pN.T.$0(OLS)http://pul/subject/1630 700 1 $aBray, Gerald.$0(OLS)http://pul/name/53935 700 1 $aDi Berardino, Angelo,$cO.S.A.,$d1936-$0(OLS)http://pul/name/5303 700 1 $aGenovese, Armando.$0(OLS)http://pul/name/41696 830 3$aLa Bibbia commentata dai Padri.$pNuovo Testamento.$0(OLS)http://pul/title/101707 850 $aPUL 852 $aPUL$W1$xSL Religione 3$y85$m220.705/COLL/2.11$j117921$nBK-PRI$qDDC 21$B103207$CPULBib$Z2$F103207 $HPUL98110 $82 941 1 $a9 996 $6020$a8831193767$9(OLS)http://pul/number/107068 996 $6245$aGiacomo, 1-2 Pietro, 1-3 Giovanni, Giuda$9(OLS)http://pul/title/105831 996 $6260$aRoma :$bCittà Nuova$9(OLS)http://pul/publisher/47927 LEADER 01403nam a2200325 a 4500 001 000000168903 003 CaOOAMICUS 005 20180719112713.0 008 180719s2018 it u000 u ita r 020 $z978-88-13-36199-0* 032 $aLibriCat 040 $aPUL$bita 082 04$a347.4505 100 1 $aViola, Luigi.$0(OLS)http://pul/name/72529 245 10$aManuale teorico-pratico di diritto processuale civile /$cLuigi Viola. 260 $aMilanofiori Assago :$bWolters Kluwer,$c©2018. 300 $aXXXIII, 779 p. ;$c24 cm. 490 1 $aFormula Cedam 500 $aSul front.: Esami e concorsi, test digitali di autovalutazione inclusi. 504 $aBibliografia in nota. 650 4$aDiritto processuale civile$zItalia$vManuali, trattati, ecc.$0(OLS)http://pul/subject/26460 830 0$aFormula Cedam.$0(OLS)http://pul/title/201518 850 $aPUL 852 $aPUL$W1$xSL Diritto e Scienze Sociali 3$y79$m347. 4505 VIOLU 2$j192276$qDDC 21$B196856$CPULBib$Z2$F196856 $H131209 $81 941 1 $a9 996 $6020$z978-88-13-36199-0*$9(OLS)http://pul/number/164597 996 $6082$a347.4505$9(OLS)http://pul/classification/2032 996 $6245$aManuale teorico-pratico di diritto processuale civile$9(OLS)http://pul/title/209437 996 $6260$aMilanofiori Assago :$bWolters Kluwer$9(OLS)http://pul/publisher/81463